000 00465nam a22001937a 4500
003 MPLRDC
005 20220104114549.0
008 210129b ||||| |||| 00| 0 eng d
020 _a7-80077-706-5
082 _a855 SZC
100 _a施蛰存著
245 _a灯下集
_c
250 _a一版一刷
260 _a
_b开明出版社
_c1994
300 _b
490 _a开明文库. 第二辑
650 _a散文;随笔、日记
942 _cBK
_o855 SZC
999 _c8457
_d8447